The legacy of the Right Reverend Father in God, Herbert, Lord Bishop of Hereford, to his diocess, or, A short determination of all controversies we have with the papists, by Gods holy word.

Bibliographic Details
Main Author: Croft, Herbert, 1603-1691
Format: Microform Book
Language:English
Series:Early English books, 1641-1700 ; 62:2.
Subjects:

MARC

Tag First Indicator Second Indicator Subfields
LEADER 00000cam a2200000 a 4500
001 in00000960121
005 20150927071034.0
007 hd afv|||baca
008 850422s1679 miu a 00010 eng d
035 |a (OCoLC)11947873 
035 |9 AEU8559AM 
037 |a CL0037000002  |b UMI 
037 |b University Microfilms International, 300 N. Zeeb Rd., Ann Arbor, MI 48106 
040 |a EAA  |c EAA  |d m/c  |d UtOrBLW 
049 |a TXAI 
099 |a film   |a  B   |a  3609 
100 1 |a Croft, Herbert,  |d 1603-1691. 
245 1 4 |a The legacy of the Right Reverend Father in God, Herbert, Lord Bishop of Hereford, to his diocess, or, A short determination of all controversies we have with the papists, by Gods holy word. 
264 3 |a London :  |b Printed for Charles Harper ...,  |c 1679. 
300 |a 14 unnumbered pages, 128 pages, 1 unnumbered page 
336 |a text  |b txt  |2 rdacontent 
337 |a microform  |b h  |2 rdamedia 
338 |a microfilm reel  |b hd  |2 rdacarrier 
500 |a Includes: A supplement to the preceding sermons, together with a tract concerning the ... Lords Supper, with a has special title page. 
500 |a Advertisements on page [1] at end. 
500 |a Reproduction of original in British Library. 
510 4 |a Wing  |c C6966 
510 4 |a Arber's Term cat.  |c I 339 
500 |a Includes: A supplement to the preceding sermons, together with a tract concerning the ... Lords Supper, which has a special title page. 
533 |a Microfilm.  |b Ann Arbor, Mich. :  |c University Microfilms,  |d 1962.  |e 1 microfilm reel ; 35 mm.  |f (Early English books, 1641-1700 ; 62:2) 
500 |a Microform. 
650 0 |a Sermons, English. 
610 2 0 |a Catholic Church  |v Controversial literature  |x Protestant authors. 
610 2 0 |a Church of England  |x Sermons. 
740 2 |a A short determination of all controversies we have with the papists. 
830 0 |a Early English books, 1641-1700 ;  |v 62:2. 
999 |a MARS 
999 f f |s 03f818b6-60df-37ae-8e41-5cb9a182beea  |i 5459f9b7-9650-3488-b037-03c69b5ceb4b  |t 0 
952 f f |p default  |a Texas A&M University  |b College Station  |c Sterling C. Evans Library  |d Evans: Microforms (3rd floor)  |t 0  |e film B 3609 62:2  |h Other scheme  |i microform -- microfilm reel 
998 f f |a film B 3609 62:2  |t 0  |l Evans: Microforms (3rd floor)